| 000 | 00908nam a22002057a 4500 | ||
|---|---|---|---|
| 999 |
_c9444 _d9444 |
||
| 003 | AR-CdUCM | ||
| 008 | 190328b ||||| |||| 00| 0 spa d | ||
| 040 |
_aMUNICIPALIDAD PROVINCIAL DEL CUSCO _cBIBLIOTECA MUNICIPAL DEL CUSCO |
||
| 082 |
_a301.98 / _bV46 |
||
| 100 |
_aVenturino, Agustín _925630 |
||
| 245 |
_aSociología primitiva chileindiana: _bCon comparaciones Mayas, Aztecas e Incásicas / |
||
| 260 |
_aBarcelona : _bCervantes, _c1927. |
||
| 300 |
_a367 paginas ; _c17 cm. |
||
| 505 | _aContenido :Los factores físicos --La flora y la fauna --La falta de metales --La abundancia de fenómenos tectónicos --La interdependencia mitificada --El medio físico prehistórico predispone la reacción psicológica --La justicia --La educación ... | ||
| 650 |
_aSociedad chilena _925631 |
||
| 650 |
_aMedio físico _925632 |
||
| 650 |
_aCultura y lengua _925633 |
||
| 942 |
_2ddc _cLIBROS |
||
| 945 | _arjall | ||